|
|
|
|
| LEADER |
00000cam a22000004a 4500 |
| 001 |
musev2_7079 |
| 003 |
MdBmJHUP |
| 005 |
20230905040823.0 |
| 006 |
m o d |
| 007 |
cr||||||||nn|n |
| 008 |
080904s2009 miu o 00 0 eng d |
| 010 |
|
|
|z 2008039080
|
| 020 |
|
|
|a 9780472025206
|
| 020 |
|
|
|z 9780472116836
|
| 035 |
|
|
|a (OCoLC)643805566
|
| 040 |
|
|
|a MdBmJHUP
|c MdBmJHUP
|
| 050 |
0 |
4 |
|a PA8310.F7
|b Z73 2009
|
| 082 |
0 |
|
|a 871/.02
|2 22
|
| 100 |
1 |
|
|a Roberts, Michael John,
|d 1947-
|
| 245 |
1 |
4 |
|a The Humblest Sparrow :
|b The Poetry of Venantius Fortunatus /
|c Michael Roberts.
|
| 264 |
|
1 |
|a Ann Arbor :
|b University of Michigan Press,
|c 2009.
|
| 264 |
|
3 |
|a Baltimore, Md. :
|b Project MUSE,
|c 2012
|
| 264 |
|
4 |
|c ©2009.
|
| 300 |
|
|
|a 1 online resource (376 pages).
|
| 336 |
|
|
|a text
|b txt
|2 rdacontent
|
| 337 |
|
|
|a computer
|b c
|2 rdamedia
|
| 338 |
|
|
|a online resource
|b cr
|2 rdacarrier
|
| 504 |
|
|
|a Includes bibliographical references (p. 331-344) and indexes.
|
| 505 |
0 |
|
|a Windows of order : the epitaph made new -- Strategies of praising : metaphors of eminence -- Strategies of praising : bishops and ceremonies -- Situating the saints, narrating the saints, imagining Martin -- To absent friends : verse correspondence and personal poetry.
|
| 588 |
|
|
|a Description based on print version record.
|
| 600 |
1 |
0 |
|a Fortunatus, Venantius Honorius Clementianus,
|d ca. 540-ca. 600
|x Criticism and interpretation.
|
| 650 |
|
0 |
|a Christianity and literature
|z Rome.
|
| 650 |
|
0 |
|a Christian poetry, Latin
|x History and criticism.
|
| 655 |
|
7 |
|a Electronic books.
|2 local
|
| 710 |
2 |
|
|a Project Muse.
|e distributor
|
| 830 |
|
0 |
|a Book collections on Project MUSE.
|
| 856 |
4 |
0 |
|z Texto completo
|u https://projectmuse.uam.elogim.com/book/7079/
|
| 945 |
|
|
|a Project MUSE - Custom Collection
|
| 945 |
|
|
|a Project MUSE - Archive Complete Foundation
|
| 945 |
|
|
|a Project MUSE - Archive Classical Studies Foundation
|